[Event "BRA-ch U20"]
[Site "Florianopolis"]
[Date "2003.05.16"]
[Round "2"]
[White "Zini Bertoli, Eduardo"]
[Black "Ferrari, Everson"]
[Result "1-0"]
[WhiteElo "1825"]
[BlackElo "1778"]
[PlyCount "49"]
[EventDate "2003.05.??"]
[EventType "swiss"]
[EventRounds "7"]
[EventCountry "BRA"]
[SourceTitle "EXT 2006"]
[Source "ChessBase"]
[SourceDate "2005.11.24"]
[SourceVersion "1"]
[SourceVersionDate "2005.11.24"]
[SourceQuality "1"]

1. d4 e5 2. c3 exd4 3. cxd4 Bb4+ 4. Nc3 Nf6 5. a3 Ba5 6. b4 Bb6 7. e4 d6 8. Bg5 Nc6 9. Bb5 Bd7 10. Nf3 Qe7 11. 0-0 h6 12. Nd5 Qe6 13. Bxf6 gxf6 14. Bc4 Qg4 15. Nxf6+ Ke7 16. Nxg4 Bxg4 17. h3 Bh5 18. g4 Bg6 19. Re1 Rag8 20. e5 dxe5 21. Nxe5 Nxe5 22. Rxe5+ Kd7 23. Qe2 Kc8 24. Re7 Rh7 25. Re8+ 1-0

[Event "BRA-ch U20"]
[Site "Florianopolis"]
[Date "2003.05.16"]
[Round "3"]
[White "Zini Bertoli, Eduardo"]
[Black "Florianovitz, Derlei Alex"]
[Result "1/2-1/2"]
[WhiteElo "1825"]
[BlackElo "1900"]
[PlyCount "67"]
[EventDate "2003.05.??"]
[EventType "swiss"]
[EventRounds "7"]
[EventCountry "BRA"]
[SourceTitle "EXT 2006"]
[Source "ChessBase"]
[SourceDate "2005.11.24"]
[SourceVersion "1"]
[SourceVersionDate "2005.11.24"]
[SourceQuality "1"]

1. d4 Nf6 2. c4 e6 3. Nc3 Bb4 4. a3 Bxc3+ 5. bxc3 c5 6. Nf3 Qa5 7. Bd2 Nc6 8. Qc2 0-0 9. e4 d6 10. Bd3 e5 11. 0-0 Qc7 12. d5 Ne7 13. Bg5 Ng6 14. Bxf6 gxf6 15. Qd2 Nf4 16. Nh4 Kh8 17. g3 Rg8 18. Kh1 Nxd3 19. Qxd3 Bh3 20. Qf3 Qe7 21. Nf5 Bxf5 22. Qxf5 Rg5 23. Qh3 Rag8 24. f4 exf4 25. Rxf4 Rd8 26. Raf1 Rg6 27. Rh4 Rg7 28. Rf5 Kg8 29. Rfh5 Re8 30. Kg1 f5 31. Qxf5 f6 32. Rh6 Rf8 33. Rf4 Rgf7 34. Qe6 1/2-1/2